000 00650nam a2200217 a 4500
999 _c12639
_d12639
001 12639
003 BD-JhCC
005 20221024113827.0
008 221024s2022 bg |||| |||| 000 0 ban d
020 _a9789849485162
035 _a(BD-JhCC)12639
040 _aBD-JhCC
_dBD-JhCC
041 _aBangla
082 _a920
_bNAY 2022
100 _aনয়ন, শাখাওয়াৎ
245 _aবোহেমিয়ান /
_cশাখাওয়াৎ নয়ন
260 _aঢাকা :
_bঘাসফুল,
_c২০২২
300 _a৩২০ পৃ. :
_c২২ সেমি.
650 _aAutobiography
942 _2ddc
_cBK